Entourage de Daenerys Targaryen dans Game of Thrones - Statistiques

Statistiques générales
  • Ce quiz a été pris 20 fois
  • Le résultat moyen est 10 sur 16
Statistiques - réponses
Lien avec Daenerys Personnage % Correct
Amant,allié et neveu Jon Snow
100%
Premier époux Khal Drogo
100%
Enfant dragon Drogon
84%
Bras droit Jorah Mormont
84%
Conseillère Missandei
84%
Conseiller Tyrion Lannister
79%
Enfant dragon Viserion
79%
Frère aîné Viserys Targaryen
68%
Enfant dragon Rhaegal
63%
Conseiller Varys
63%
Conseiller Ver Gris
63%
Amant et lieutenant Daario Naharis
47%
Mère Rhaella Targaryen
37%
Conseiller Barristan Selmy
26%
Proche, membre de son khalasar Rakharo
16%
Proche, membre de son khalasar Irri
11%
Aucun quiz correspondant
Distribution des résultats
% des personnes avec chaque résultat
Percentile par nombre de réponses
Votre historique - résultats
Vous n’avez pas pris ce quiz